George Canterbury's Will / (Record no. 186660)
[ view plain ]
| 000 -LEADER | |
|---|---|
| fixed length control field | 01084 a2200169 4500 |
| 003 - CONTROL NUMBER IDENTIFIER | |
| control field | Nust |
| 005 - DATE AND TIME OF LATEST TRANSACTION | |
| control field | 20230123121711.0 |
| 040 ## - CATALOGING SOURCE | |
| Transcribing agency | Nust |
| 082 ## - DEWEY DECIMAL CLASSIFICATION NUMBER | |
| Classification number | 808.83,WOO |
| 100 ## - MAIN ENTRY--PERSONAL NAME | |
| Personal name | Wood,Henry |
| 9 (RLIN) | 107411 |
| 245 ## - TITLE STATEMENT | |
| Title | George Canterbury's Will / |
| Statement of responsibility, etc. | Mrs Henry Wood |
| 260 ## - PUBLICATION, DISTRIBUTION, ETC. | |
| Place of publication, distribution, etc. | London |
| Name of publisher, distributor, etc. | Macmillan |
| 300 ## - PHYSICAL DESCRIPTION | |
| Extent | 492:p |
| 505 ## - FORMATTED CONTENTS NOTE | |
| Formatted contents note | In the Evening Light (Page-1), Down at Chilling (Page-17), With Lady Kage (Page-24), Keziah Dawkes (Page-36), Called Up By Telegram (Page-48), Under the Moonlity Sky (Page-59), Entering a New Home (Page-74), A Terrible Fear (Page-87), Coming Home (Page-117), In The Evening Paper (Page-131), At The Rock (Page-162), A Solemn Warning (Page-174), Disinherited (Page-189), Love at Last (Page-209), The Funeral (Page-220), A Painful Interview (Page-243),Captain Dawkes In Twon (Page-259), At the Festive Board (Page-299), Not Quite Heartless (Page-321), An Old Warning Recalled (Page-346), Very Unsatisfactory (Page-355), A Flood of Sunlight (Page-374), The Postern Door (Page-407), The Last and Final Will (Page-469). |
| 650 ## - SUBJECT ADDED ENTRY--TOPICAL TERM | |
| Topical term or geographic name entry element | Novel |
| 9 (RLIN) | 2525 |
| 942 ## - ADDED ENTRY ELEMENTS (KOHA) | |
| Source of classification or shelving scheme | |
| Koha item type | Book |
| Withdrawn status | Lost status | Source of classification or shelving scheme | Damaged status | Not for loan | Permanent Location | Current Location | Shelving location | Date acquired | Total Checkouts | Full call number | Barcode | Date last seen | Date last checked out | Price effective from | Koha item type | Public note |
|---|---|---|---|---|---|---|---|---|---|---|---|---|---|---|---|---|
| Military College of Signals (MCS) | Military College of Signals (MCS) | Fiction | 12/12/2016 | 1 | 808.83,WOO | MCS29807 | 05/27/2024 | 05/16/2024 | 12/12/2016 | Book | Almirah No.57, Shelf No.3 |
